Nghiên cứu quá trình truyền nhiệt - truyền chất trong bình hấp thụ của máy lạnh hấp thụ NH3-H2O loại liên tục phù hợp với điều kiện Việt Nam : Luận án Tiến sĩ Kỹ thuật - Chuyên ngành: Kỹ thuật nhiệt
Zapisane w:
| 1. autor: | |
|---|---|
| Format: | Luận văn |
| Język: | Undetermined |
| Wydane: |
Trường Đại học Bách khoa Tp. Hồ Chí Minh
2017
|
| Hasła przedmiotowe: | |
| Etykiety: |
Dodaj etykietę
Nie ma etykietki, Dołącz pierwszą etykiete!
|
| Thư viện lưu trữ: | Trung tâm Thư viện - Trường Đại học Công nghiệp TP. Hồ Chí Minh |
|---|
| LEADER | 00817nam a2200157Ia 4500 | ||
|---|---|---|---|
| 001 | UIH_01821 | ||
| 008 | 230809s9999 xx 000 0 und d | ||
| 082 | |a 621.402 | ||
| 100 | |a Nguyễn, Hiếu Nghĩa | ||
| 245 | 0 | |a Nghiên cứu quá trình truyền nhiệt - truyền chất trong bình hấp thụ của máy lạnh hấp thụ NH3-H2O loại liên tục phù hợp với điều kiện Việt Nam : Luận án Tiến sĩ Kỹ thuật - Chuyên ngành: Kỹ thuật nhiệt | |
| 245 | 0 | |c Nguyễn, Hiếu Nghĩa | |
| 260 | |b Trường Đại học Bách khoa Tp. Hồ Chí Minh | ||
| 260 | |c 2017 | ||
| 650 | |a Kỹ thuật nhiệt | ||
| 927 | |a Luận văn | ||
| 980 | |a Trung tâm Thư viện - Trường Đại học Công nghiệp TP. Hồ Chí Minh | ||